| 000 | 01936nam a2200469Ii 4500 | ||
|---|---|---|---|
| 001 | DIGEDIUOC246 | ||
| 003 | NyNyDIG | ||
| 008 | 140801s2012 sp ob 000 0 spa d | ||
| 006 | m o d | ||
| 007 | cr ||||||||||| | ||
| 020 |
_a9788490296714 _q(eBook) |
||
| 020 | _z9788497889896 | ||
| 020 | _z8497889894 | ||
| 035 | _a(OCoLC)892892217 | ||
| 040 |
_aDGITA _beng _erda _epn _cDGITA |
||
| 050 | 1 | 4 | _aLC6573 eBook |
| 245 | 0 | 4 |
_aLas radios universitarias, más allá de la radio : _blas TIC como recursos de interacción radiofónica / _cCinta Espino Narváez, Daniel Martín Pena (eds.). |
| 250 | _aPrimera edición en lengua castellana. | ||
| 264 | 1 |
_aBarcelona : _bUniversitat Oberta de Catalunya, _c2012. |
|
| 300 | _a1 online resource (294 pages). | ||
| 336 |
_atext _btxt _2rdacontent |
||
| 337 |
_acomputer _bc _2rdamedia |
||
| 338 |
_aonline resource _bcr _2rdacarrier |
||
| 490 | 1 |
_aManuales ; _v230. _aComunicación |
|
| 588 | 0 | _aOnline resource; title from ePub and PDF title page (Digitalia, viewed August 10, 2014) | |
| 650 | 0 | _aRadio in higher education. | |
| 650 | 0 | _aEducational broadcasting. | |
| 650 | 0 |
_aRadio _xSocial aspects. |
|
| 650 | 0 |
_aEducation, Higher _zSpain. |
|
| 650 | 0 | _aEducation, Higher. | |
| 655 | 0 | _aElectronic books. | |
| 700 | 1 |
_aEspino Narváez, Cinta, _eeditor. |
|
| 700 | 1 |
_aMartín Pena, Daniel, _eeditor. |
|
| 791 | 2 |
_aDigitalia (Firm), _edistributor. |
|
| 793 | 0 |
_gDigitalia eBook Collection: _aUniversitat Oberta de Catalunya. |
|
| 776 | 0 | 8 |
_iPrint version: _tRadios universitarias, más allá de la radio : _blas TIC como recursos de interacción radiofónica. _dBarcelona : Universitat Oberta de Catalunya, 2012. _z9788497885102 |
| 830 | 0 | _aComunicación (Editorial UOC) | |
| 830 | 0 |
_aManuales (Editorial UOC) ; _v230 |
|
| 856 | 4 | 0 |
_3Digitalia Hispánica _uhttps://www.digitaliapublishing.com/a/20366/ |
| 910 | _aPremium Collection: 2013 | ||
| 942 | _cRAA | ||
| 999 |
_c236879 _d236879 |
||